<?xml version="1.0" encoding="UTF-8"?>
<record
    xmlns:xsi="http://www.w3.org/2001/XMLSchema-instance"
    xsi:schemaLocation="http://www.loc.gov/MARC21/slim http://www.loc.gov/standards/marcxml/schema/MARC21slim.xsd"
    xmlns="http://www.loc.gov/MARC21/slim">

  <leader>00713nam a2200253   4500</leader>
  <controlfield tag="001">46295</controlfield>
  <datafield tag="010" ind1=" " ind2=" ">
    <subfield code="a">9789898032225</subfield>
  </datafield>
  <datafield tag="021" ind1=" " ind2=" ">
    <subfield code="b">268684/07</subfield>
  </datafield>
  <datafield tag="090" ind1=" " ind2=" ">
    <subfield code="a">46295</subfield>
  </datafield>
  <datafield tag="100" ind1=" " ind2=" ">
    <subfield code="a">20140311d2013    m  y0pory50030103ba</subfield>
  </datafield>
  <datafield tag="101" ind1="1" ind2=" ">
    <subfield code="a">por</subfield>
  </datafield>
  <datafield tag="102" ind1=" " ind2=" ">
    <subfield code="a">PT</subfield>
  </datafield>
  <datafield tag="200" ind1="1" ind2=" ">
    <subfield code="a">Mar&#xE9;s altas</subfield>
    <subfield code="f">Nora Roberts</subfield>
    <subfield code="g">trad. Ana Beatriz Manso</subfield>
    <subfield code="g">rev. Idalina Morgado</subfield>
  </datafield>
  <datafield tag="205" ind1=" " ind2=" ">
    <subfield code="a">1.&#xAA; ed.</subfield>
  </datafield>
  <datafield tag="210" ind1=" " ind2=" ">
    <subfield code="a">Parede</subfield>
    <subfield code="c">Ch&#xE1; das Cinco,</subfield>
    <subfield code="d">2008</subfield>
  </datafield>
  <datafield tag="215" ind1=" " ind2=" ">
    <subfield code="a">269, [2] p.</subfield>
    <subfield code="c">il.</subfield>
    <subfield code="d">23 cm</subfield>
  </datafield>
  <datafield tag="225" ind1="2" ind2=" ">
    <subfield code="a">A saga da ba&#xED;a de Chesapeake</subfield>
  </datafield>
  <datafield tag="304" ind1=" " ind2=" ">
    <subfield code="a">T&#xED;t. orig.: Rising Tides</subfield>
  </datafield>
  <datafield tag="675" ind1=" " ind2=" ">
    <subfield code="a">821.111(73)-31"19/20"</subfield>
    <subfield code="v">BN</subfield>
    <subfield code="z">por</subfield>
  </datafield>
  <datafield tag="700" ind1=" " ind2="1">
    <subfield code="a">Roberts,</subfield>
    <subfield code="b">Nora,</subfield>
  </datafield>
  <datafield tag="702" ind1=" " ind2="1">
    <subfield code="a">Morgado,</subfield>
    <subfield code="b">Idalina</subfield>
    <subfield code="4">675</subfield>
  </datafield>
  <datafield tag="702" ind1=" " ind2="1">
    <subfield code="a">Manso,</subfield>
    <subfield code="b">Ana Beatriz</subfield>
    <subfield code="4">730</subfield>
  </datafield>
  <datafield tag="801" ind1=" " ind2="0">
    <subfield code="a">PT</subfield>
    <subfield code="b">BN</subfield>
    <subfield code="g">RPC</subfield>
  </datafield>
  <datafield tag="990" ind1=" " ind2=" ">
    <subfield code="c">LIVROS</subfield>
  </datafield>
  <datafield tag="995" ind1=" " ind2=" ">
    <subfield code="1">0</subfield>
    <subfield code="9">78389</subfield>
    <subfield code="b">BMR</subfield>
    <subfield code="c">BMR</subfield>
    <subfield code="f">057410</subfield>
    <subfield code="k">821.111(73)-3 ROB</subfield>
    <subfield code="o">0</subfield>
    <subfield code="r">LIVROS</subfield>
    <subfield code="u">oferta de Franklim Amaro Cabreirinha</subfield>
  </datafield>
</record>
